000
00298nam a2200109Ia 4500
008
190907s9999||||xx |||||||||||||| ||und||
100
_a
Morris, Slattery
245
0
_a
Salaris Implementation a Guide for System Adminintration
260
_a
New York
_b
Prentice Hall
_c
1995
300
_a
345
942
_c
BK
999
_c
6303
_d
6303